00949nam a22001815i 450000100060000000300090000600700030001500800410001804000140005924501620007326000530023530000200028850502580030870000340056685200240060099900170062495201260064154518ES-MaACLt|940202m18601881fr ||||1| lat d aCAM bspa00aFragmenta philosophorum graecorum / ccollegít, recensuit, vertit annotationibus et prolegomenis illustravit, indicibus intruxit Fr. Guil. Aug. Mullachius. aParisiis : bAmbrosio Firmin Didot, c1860-1881. a3 v. ; c25 cm.8 aContiene: V. 1. Poeseos philosophical. Caeterorumque ante Socratem philosophorum quae supersunt -- v. 2. Pythagoreos, sophistas, cynicos et chalcidii in priorem timae platonici partem commentarios continens -- v. 3. Platonicos et peripateticos continens1 aMullachius, Guil. Aug.984110 aES-MaACLjB-2439-41 c54518d54518 001040708LIBXIXaATENEOMbATENEOMcSPBd2008-01-17eSCl0oB-2439-41p1057289r2023-02-23 00:00:00w2023-02-23yMONANT